000 00740nam a2200289Ia 4500
005 20251020182455.0
008 200515s9999 xx 000 0 und d
020 _a84-7721-710-9
082 _a624.016.4/G27
100 _aGasch Salvador, Manuel
100 _aGash Molina, Isabel
245 0 _aCálculo Estructural
260 _aValencia
260 _bUniversidad Politécnica de Valencia
260 _c[2006]
300 _a265 p.
300 _btbl., graf.
500 _a1 ejemplar
650 _aCALCULO DE ESTRUCTURAS
650 _aCALCULO MATRICIAL
650 _aEDIFICACIONES
650 _aESTRUCTURAS
650 _aMETODO DE LA RIGIDEZ
650 _aSIMPLIFICACIONES POR SIMETRIA
942 _cLIB
999 _c989
_d989